000 00835nam a2200265 a 4500
001 BRCA_4972
005 20190320204901.0
008 791026s1957 enka######---#000-0#eng-#
041 _aeng
044 _aenk
050 4 _aN7630
_b.G37 1957
100 1 _aGarland, Madge
_912652
245 1 0 _aThe changing face of beauty
_bfour thousand years of beautiful women
_cMadge Garland.
260 _aLondres
_bWeidenfeld and Nicolson
_c1957
300 _a224 p.
_bil.
_c29 cm.
500 _aIncluye índice de ilustraciones y créditos correspondientes para su reproducción
500 _aEstado físico: Sobrecubierta deteriorada
500 _aDD15
650 1 4 _aMujeres en el arte
_91575
650 1 4 _aMujeres
_xRetratos
_912653
650 1 4 _aBelleza personal
_912654
650 1 4 _aActrices
_912655
902 _aGFM
942 _2lcc
_cB
999 _c4666
_d4666